• 首页
  • 本馆介绍
  • 公告通知
  • 最新文献
  • 馆藏检索
  • 电子资源
  • 读者导购
  • 参考咨询
  • 我的图书馆
  • 登录
  • 详细信息显示
  • 放入我的书架
  • 预约/预借图书
  • 作者相关作品
  • 分类相关作品
  • 丛书相关作品
  • 出版社相关作品

书目信息

  • 表格格式
  • 工作单格式
  • 卡片格式
题名:
舟山锣鼓
    
 
作者: 何直升 , 陶根德 编著
分册:  
出版信息: 杭州   浙江摄影出版社  2009
页数: 141页, [1] 叶图版
开本: 22cm
丛书名: 浙江省非物质文化遗产代表作丛书
单 册:
中图分类: J632.52
科图分类:
主题词: 锣鼓音乐--简介--舟山市
电子资源:
ISBN: 978-7-80686-763-1
000 00985nam 2200265 450
001 2352941045
005 20231206144306.76
010    @a978-7-80686-763-1@dCNY40.00
100    @a20231024d2009 em y0chiy50 ea
101 0  @achi
102    @aCN@b330000
105    @aafg z 000yy
200 1  @a舟山锣鼓@Azhou shan luo gu@f何直升, 陶根德编著
210    @a杭州@c浙江摄影出版社@d2009
215    @a141页, [1] 叶图版@c彩图, 乐谱@d22cm
225 2  @a浙江省非物质文化遗产代表作丛书@Azhe jiang sheng fei wu zhi wen hua yi chan dai biao zuo cong shu
300    @a第一批国家级非物质文化遗产浙江省项目
330    @a本书介绍了舟山锣鼓的地理文化环境、艺术特征、功能与作用, 摘引了部分对舟山锣鼓的学术研究文章, 并对代表性曲目重点呈现。
410  0 @12001 @a浙江省非物质文化遗产代表作丛书
606 0  @a锣鼓音乐@x简介@y舟山市
690    @aJ632.52@v5
701  0 @a何直升@Ahe zhi sheng@4编著
701  0 @a陶根德@Atao gen de@4编著
801  0 @aCN@b湖北三新@c20231024
905    @aBZT@dJ632.52@e5
    
    舟山锣鼓/何直升, 陶根德编著.-杭州:浙江摄影出版社,2009
    141页, [1] 叶图版:彩图, 乐谱;22cm.-(浙江省非物质文化遗产代表作丛书)
    第一批国家级非物质文化遗产浙江省项目
    
    ISBN 978-7-80686-763-1:CNY40.00
    本书介绍了舟山锣鼓的地理文化环境、艺术特征、功能与作用, 摘引了部分对舟山锣鼓的学术研究文章, 并对代表性曲目重点呈现。
●
相关链接 在五车中查询图书 在当当中查询图书 在豆瓣中查询图书


正题名:舟山锣鼓     索取号:J632.52/5         预约/预借

序号 登录号 条形码 馆藏地/架位号 状态 备注
1 2001399436   2001399436   三新/湖北三新(第三批)/1548/ [索取号:J632.52/5] 在馆    
2 2001399437   2001399437   三新/湖北三新(第三批)/1548/ [索取号:J632.52/5] 在馆    
3 2001399438   2001399438   三新/湖北三新(第三批)/1548/ [索取号:J632.52/5] 在馆    
4 2001399439   2001399439   三新/湖北三新(第三批)/1548/ [索取号:J632.52/5] 在馆    
5 2001399440   2001399440   三新/湖北三新(第三批)/1548/ [索取号:J632.52/5] 在馆    
6 2001399441   2001399441   三新/湖北三新(第三批)/1548/ [索取号:J632.52/5] 在馆    
7 2001399442   2001399442   三新/湖北三新(第三批)/1548/ [索取号:J632.52/5] 在馆    
8 2001399443   2001399443   三新/湖北三新(第三批)/1548/ [索取号:J632.52/5] 在馆    
9 2001399444   2001399444   三新/湖北三新(第三批)/1548/ [索取号:J632.52/5] 在馆    
10 2001399445   2001399445   三新/湖北三新(第三批)/1548/ [索取号:J632.52/5] 在馆    
11 2001399446   2001399446   三新/湖北三新(第三批)/1548/ [索取号:J632.52/5] 在馆    
12 2001399447   2001399447   三新/湖北三新(第三批)/1548/ [索取号:J632.52/5] 在馆    
13 2001399448   2001399448   三新/湖北三新(第三批)/1548/ [索取号:J632.52/5] 在馆    
14 2001399449   2001399449   三新/湖北三新(第三批)/1548/ [索取号:J632.52/5] 在馆    
15 2001399450   2001399450   三新/湖北三新(第三批)/1548/ [索取号:J632.52/5] 在馆    
16 2001399451   2001399451   三新/湖北三新(第三批)/1548/ [索取号:J632.52/5] 在馆    
17 2001399452   2001399452   三新/湖北三新(第三批)/1548/ [索取号:J632.52/5] 在馆    
18 2001399453   2001399453   三新/湖北三新(第三批)/1548/ [索取号:J632.52/5] 在馆    
19 2001399454   2001399454   三新/湖北三新(第三批)/1548/ [索取号:J632.52/5] 在馆    
20 2001399455   2001399455   三新/湖北三新(第三批)/1548/ [索取号:J632.52/5] 在馆    
21 2001399456   2001399456   三新/湖北三新(第三批)/1548/ [索取号:J632.52/5] 在馆    
22 2001399457   2001399457   三新/湖北三新(第三批)/1548/ [索取号:J632.52/5] 在馆    
23 2001399458   2001399458   三新/湖北三新(第三批)/1548/ [索取号:J632.52/5] 在馆    
24 2001399459   2001399459   三新/湖北三新(第三批)/1548/ [索取号:J632.52/5] 在馆    
25 2001399460   2001399460   三新/湖北三新(第三批)/1548/ [索取号:J632.52/5] 在馆    
26 2001399461   2001399461   三新/湖北三新(第三批)/1548/ [索取号:J632.52/5] 在馆    
27 2001399462   2001399462   三新/湖北三新(第三批)/1548/ [索取号:J632.52/5] 在馆    
28 2001399463   2001399463   三新/湖北三新(第三批)/1548/ [索取号:J632.52/5] 在馆    
29 2001399464   2001399464   三新/湖北三新(第三批)/1548/ [索取号:J632.52/5] 在馆    
30 2001399465   2001399465   三新/湖北三新(第三批)/1548/ [索取号:J632.52/5] 在馆    
山东省滨州职业学院图书馆 欢迎您!
大连网信软件有限公司© 版权所有